| 000 | 00736nam a2200205 a 4500 | ||
|---|---|---|---|
| 001 | 000035634 | ||
| 005 | 20200930074505.0 | ||
| 008 | 111107s19451946es 000 0 spa d | ||
| 040 |
_aDO-SdBNP _bspa _cBNPHU |
||
| 245 | 0 | 0 |
_aCedulario indiano : _brecopilado por Diego de Encinas. |
| 260 |
_aMadrid : _bCultura Hispánica, _c1945 1946. |
||
| 300 |
_av. ; _c33 cm. |
||
| 500 | _areproducción facsímil de la ed. única de 1596 ; estudio e índices por el Dr. Don Alfonso García Gallo. | ||
| 500 | _aTextos en dos columnos | ||
| 505 | 0 |
_gv. 1 -- _gv. 2 _gv. 3 -- _gv. 4 -- |
|
| 533 |
_aFacsímil _bMadrid _cImprenta Real _d1596 |
||
| 700 | 1 | 2 |
_aEncinas, Diego de, _ecomp. _961549 |
| 700 | 1 | 2 |
_aGarcía Gallo, Alfonso. _961550 |
| 049 | _aBNPD | ||
| 999 |
_c35125 _d35125 |
||